01410nam a2200361Ia 4500001001200000003000800012006001900020007001500039008004100054010001700095020001500112020001500127020002200142040002100164035002100185050002300206082001700229100004400246245009200290250001200382260004400394300003300438504005100471533015200522650004000674650003600714650002700750651005800777651004100835655002900876710001700905856012600922ebr10095151CaPaEBRm u cr cn|||||||||960624s1997 enkab sb 001 0 eng d z 96028369  z0203975111 z0415156351 z041515636X (pbk.) aCaPaEBRcCaPaEBR a(OCoLC)22637663614aDA152b.A76 1997eb04a942.01/52201 aArnold, C. J.q(Christopher J.),d1953-13aAn archaeology of the early Anglo-Saxon kingdomsh[electronic resource] /cC.J. Arnold. a2nd ed. aLondon ;aNew York :bRoutledge,c1997. axviii, 259 p. :bill., maps. aIncludes bibliographical references and index. aElectronic reproduction.bPalo Alto, Calif. :cebrary,d2009.nAvailable via World Wide Web.nAccess may be limited to ebrary affiliated libraries. 0aExcavations (Archaeology)zEngland. 0aAnglo-SaxonsxKings and rulers. 0aArchaeology, Medieval. 0aGreat BritainxHistoryyAnglo-Saxon period, 449-1066. 0aEnglandxSocial conditionsyTo 1066. 7aElectronic books.2local2 aebrary, Inc.40uhttp://site.ebrary.com/lib/rucke/Doc?id=10095151zAn electronic book accessible through the World Wide Web; click to view